Statistics for Houston Rockets: All-Star Selections

Click here to take the quiz!

General Stats

  • This quiz has been taken 277 times
    (230 since last reset)
  • The average score is 9 of 17

Answer Stats

Amount of SelectionsPlayer% Correct
12Hakeem Olajuwon
99%
8James Harden
97%
8Yao Ming
85%
3Tracy McGrady
81%
2Clyde Drexler
80%
1Russell Westbrook
71%
5Moses Malone
59%
4Ralph Sampson
57%
1Charles Barkley
55%
3Steve Francis
53%
1Dwight Howard
50%
1Calvin Murphy
39%
5Rudy Tomjanovich
37%
4Elvin Hayes
35%
1Otis Thorpe
28%
2Don Kojis
7%
1Jack Marin
3%

Score Distribution

Percentile by Number Answered

Percent of People with Each Score

Your Score History

You have not taken this quiz since the last reset